লোডিং...

Statistical hypothesis testing with SAS and R

গ্রন্থ-পঞ্জীর বিবরন
প্রধান লেখক: Taeger, Dirk Kuhnt, Sonja
প্রকাশিত: Wiley 2014
LEADER 00239 a2200097 4500
020 |a 9781118762585 
100 |a Taeger, Dirk Kuhnt, Sonja 
245 |a Statistical hypothesis testing with SAS and R 
260 |c 2014  |b Wiley 
942 |c BK  |6 _ 
999 |c 71444  |d 71444